ASP databases
Gardado en:
| Autor Principal: | |
|---|---|
| Formato: | Libro |
| Idioma: | Undetermined |
| Publicado: |
Tp. HCM
Trẻ
2001
|
| Những chủ đề: | |
| Các nhãn: |
Engadir etiqueta
Sen Etiquetas, Sexa o primeiro en etiquetar este rexistro!
|
| Thư viện lưu trữ: | Trung tâm Học liệu Trường Đại học Cần Thơ |
|---|
| LEADER | 00521nam a2200169Ia 4500 | ||
|---|---|---|---|
| 001 | CTU_44146 | ||
| 008 | 210402s9999 xx 000 0 und d | ||
| 082 | |a 005.74 | ||
| 082 | |b A188 | ||
| 100 | |a ASP databases | ||
| 245 | 0 | |a ASP databases | |
| 245 | 0 | |c ASP databases; Dịch giả: Lương Quỳnh Mai, Võ Minh Trung | |
| 260 | |a Tp. HCM | ||
| 260 | |b Trẻ | ||
| 260 | |c 2001 | ||
| 650 | |a asp ( computer programs ),database management - computer programs | ||
| 980 | |a Trung tâm Học liệu Trường Đại học Cần Thơ | ||